Music Quiz

Random Music or The Beatles Quiz

Which Beatles Member? Quiz Stats

 Plays Quiz Updated Jun 16, 2017

Support Sporcle.
Go Orange.
Score 0/16 Timer 03:00
0 Plays Today
Question Answer Wrong Answers
Which Beatles member changed his name after marriage with Yoko Ono? John Lennon
93.3%
Paul McCartney
1.1%
George Harrison
0.5%
Ringo Starr
0.8%
Which Beatles member died first?
(died 8 December 1980)
John Lennon
91.5%
Paul McCartney
0.8%
George Harrison
2.5%
Ringo Starr
0.8%
Which Beatles member formed the band Wings with his first wife, Linda, and Denny Laine?
Paul McCartney
91.1%
John Lennon
1.8%
George Harrison
1.6%
Ringo Starr
1.1%
Which Beatles member was the first to have a number one song as a solo act?
('My Sweet Lord' hit the #1 spot on the charts in December of 1970)
George Harrison
72.5%
John Lennon
10.3%
Paul McCartney
10.6%
Ringo Starr
2.1%
Which Beatles Member had his first marriage with model Pattie Boyd?
(married 21 January 1966)
George Harrison
63%
John Lennon
10.8%
Paul McCartney
14.9%
Ringo Starr
6.7%
Which Beatles member married Maureen Cox?
(married 11 February 1965)
Ringo Starr
58.4%
John Lennon
8.9%
Paul McCartney
10.5%
George Harrison
17.5%
Which Beatles member is the youngest?
(born 25 February 1943)
George Harrison
56.3%
John Lennon
5.7%
Paul McCartney
21%
Ringo Starr
12.6%
Which Beatles member is the only who was never busted for drugs? Ringo Starr
52.5%
John Lennon
6.9%
Paul McCartney
17.6%
George Harrison
18.3%
Which Beatles member used to sleep in a coffin? John Lennon
51.4%
Paul McCartney
7.4%
George Harrison
19.2%
Ringo Starr
17.4%
Which Beatles member is the oldest?
(born 7 July 1940)
Ringo Starr
46.3%
John Lennon
27.8%
Paul McCartney
14.2%
George Harrison
7.2%
Which Beatles member's first cat was named 'Elvis'?
(named after Elvis Presley)
John Lennon
44.2%
Paul McCartney
25.1%
George Harrison
12.5%
Ringo Starr
13.4%
Which Beatles member was in a coma for ten weeks after his appendix burst? Ringo Starr
40.9%
John Lennon
8.2%
Paul McCartney
14.5%
George Harrison
31.5%
Which Beatles member is an honorary NYPD detective? Paul McCartney
33.3%
John Lennon
31.5%
George Harrison
9.9%
Ringo Starr
20.7%
Which Beatles member wanted to change the Beatles' name to The Bumblebees just to see if their fans would still be as dedicated? Paul McCartney
26.3%
John Lennon
50.8%
George Harrison
8%
Ringo Starr
10.1%
Which Beatles member is the only one who didn't become a full-time vegetarian? John Lennon
23.9%
Paul McCartney
11.9%
George Harrison
10.6%
Ringo Starr
49%
Which Beatles member was the first to meet a U.S. president?
(Gerald Ford on 1974)
George Harrison
16.4%
John Lennon
36.4%
Paul McCartney
37.6%
Ringo Starr
5%

You're not logged in!

Compare scores with friends on all Sporcle quizzes.
OR
Log In
Forgot?

From the Vault

Top 25 Grossing Franchises

by sultanofswing

Some of these movies really didn't need a sequel.
Remove Ads.
Support Sporcle.
Get the best of Sporcle when you Go Orange. This ad-free experience offers more features, more stats, and more fun while also helping to support Sporcle. Thank you for becoming a member.

Show Comments

Extras

Top Quizzes Today


Score Distribution

Your Account Isn't Verified!

In order to create a playlist on Sporcle, you need to verify the email address you used during registration. Go to your Sporcle Settings to finish the process.

Report this User

Report this user for behavior that violates our Community Guidelines.

Details: